书目信息 |
| 题名: |
财富故事
|
|
| 作者: | 利伯曼 , 拉文 著 ;肖轶 译 | |
| 分册: | ||
| 出版信息: | 北京 中国社会科学出版社 2002 |
|
| 页数: | 218页 | |
| 开本: | 23cm | |
| 丛书名: | ||
| 单 册: | ||
| 中图分类: | F279.712.3 | |
| 科图分类: | ||
| 主题词: | 企业管理--经验--美国 | |
| 电子资源: | ||
| ISBN: | 7-5004-3554-1 | |
| 000 | 00992nam0 2200289 450 | |
| 001 | 192004001617 | |
| 005 | 20070917105938.12 | |
| 010 | @a7-5004-3554-1@dCNY25.00 | |
| 100 | @a20070531d2002 ekmy0chiy0121 ea | |
| 101 | 1 | @achi@ceng |
| 102 | @aCN@b110000 | |
| 105 | @aa z 000yy | |
| 200 | 1 | @a财富故事@Acai fu gu shi@e从平民到富翁@d= Rage to riches@f(美) 盖尔·利伯曼, 艾伦·拉文著@g肖轶等译@zeng |
| 210 | @a北京@c中国社会科学出版社@d2002 | |
| 215 | @a218页@c图@d23cm | |
| 300 | @a并列题名:Rage to riches | |
| 300 | @a其他题名:从平民到富翁 | |
| 330 | @a本书主要讲述世界著名企业的一些老总的成功经验,他们是如何从一文不值的穷光蛋成为富豪的以及一些企业管理的经验。 | |
| 510 | 1 | @aRage to riches@zeng |
| 517 | 1 | @a从平民到富翁@Acong ping min dao fu weng |
| 606 | 0 | @a企业管理@x经验@y美国 |
| 690 | @aF279.712.3@v4 | |
| 701 | 1 | @a利伯曼@Ali bo man@e美@4著 |
| 701 | 1 | @a拉文@Ala wen@e美@4著 |
| 702 | 0 | @a肖轶@Axiao yi@4译 |
| 801 | 0 | @aCN@c20070917 |
| 905 | @dF279.712@eL013 | |
| 财富故事:从平民到富翁= Rage to riches/(美) 盖尔·利伯曼, 艾伦·拉文著/肖轶等译.-北京:中国社会科学出版社,2002 |
| 218页:图;23cm |
| 并列题名:Rage to riches.-其他题名:从平民到富翁 |
| ISBN 7-5004-3554-1:CNY25.00 |
| 本书主要讲述世界著名企业的一些老总的成功经验,他们是如何从一文不值的穷光蛋成为富豪的以及一些企业管理的经验。 |
| ● |
| 相关链接 |
|
|
|
正题名:财富故事
索取号:F279.712/L013
 
预约/预借
| 序号 | 登录号 | 条形码 | 馆藏地/架位号 | 状态 | 备注 |
| 1 | 621821 | 206218216 | 社科库409/409社科库 102排2列1层/ [索取号:F279.712/L013] | 在馆 | |
| 2 | 621822 | 206218225 | 社科库409/409社科库 102排2列1层/ [索取号:F279.712/L013] | 在馆 | |
| 3 | 621823 | 206218234 | 社科库409/409社科库 102排2列1层/ [索取号:F279.712/L013] | 在馆 |